000 00543nam a2200193Ia 4500
005 20250326144951.0
008 250326s9999 xx 000 0 und d
020 _a978-81-8420-053-9
037 _aTextbook
040 _aFMSL
_beng
_cFMSL
041 _aeng
_2eng
084 _aX8(A):8 P7
_qFMSL
100 _aVinayak A
_9750102
245 0 _aManagement of crisis in business
_cVinayak A
260 _aNew Delhi
_bNew Delhi, Sumit Enterprises
_c2007
300 _a178p
942 _cTB
_hX8(A):8 P7
999 _c1305840
_d1305840